Direito tributário : (Record no. 660)

MARC details
000 -LÍDER
Campo Fixo de Controle 00754nam a2200241 a 4500
001 - NÚMERO DE CONTROLE
Campo de Controle 660
003 - IDENTIFICAÇÃO DO NÚMERO DE CONTROLE
Campo de Controle BR-CuiBMT
005 - DATA E HORA DA ÚLTIMA ATUALIZAÇÃO
Campo de Controle 20231113023124.0
008 - DADOS FIXOS
Dados Fixos 230823s2013 rsb 001 0 por d
020 ## - INTERNATIONAL STANDARD BOOK NUMBER
Nº do ISBN 9788573488401
040 ## - AGÊNCIA CATALOGADORA
Código da Agência Catalogadora BR-CuiBMT
Agência que transcreveu o registro BR-CuiBMT
080 ## - Nº DA CLASSIFICAÇÃO DECIMAL UNIVERSAL
Nº Class. CDU 34:336.22
Nº edição CDU 2007
090 ## - NÚMERO DE CHAMADA
Nº classificação 34:336.22
Cutter P332d
Ano/Edição 15 ed.
100 1# - ENTRADA PRINCIPAL -- AUTOR PESSOAL
Nome pessoal Paulsen, Leandro
245 10 - TÍTULO PRINCIPAL
Título principal Direito tributário :
Subtítulo constituição e código tributário à luz da doutrina e da jurisprudência /
Indicação de responsabilidade Leandro Paulsen.
250 ## - EDIÇÃO
Edição 15. ed.
260 ## - PUBLICAÇÃO, DISTRIBUIÇÃO, ETC.
Local de publicação Porto Alegre :
Editora Livraria do Advogado,
Data 2013.
300 ## - DESCRIÇÃO FÍSICA
N. páginas ou volumes 1376 p. :
Dimensões 24 cm
504 ## - NOTA DE BIBLIOGRAFIA, ETC.
Nota de bibliografia Inclui bibliografia e índice.
650 ## - ASSUNTO TÓPICO
Cabeçalho tópico ou nome geográfico Direito tributário
Subdivisão geral Legislação
650 ## - ASSUNTO TÓPICO
Cabeçalho tópico ou nome geográfico Direito financeiro
942 ## - ELEMENTOS DE ENTRADA ADICIONAIS (KOHA)
Fonte de classificação ou esquema de arquivamento Classificação Decimal Universal
Tipo de item do Koha Livros
Holdings
Estado: removido Estado: perdido Fonte de classificação ou esquema de arquivamento Estado: danificado Indisponível para empréstimo Localização permanente Localização atual Data de aquisição Total Checkouts Número de Chamada completo Código de barras Date last seen Número do exemplar Preço efetivo a partir de Tipo de item (Koha)
    Classificação Decimal Universal     Biblioteca da Escola Superior de Contas do TCE/MT Biblioteca da Escola Superior de Contas do TCE/MT 02/04/2013   34:336.22 P332d 15. ed. BIBTCEMT23110483 13/11/2023 Ex. 1 13/11/2023 Livros

Powered by Koha